00731nam a2200169 a 450000100100000000500170001000800410002704000250006811101640009324500710025726000540032830000200038270000280040204900090043095201050043999900170054400002898020200930055244.0110413s1969 dr 000 0 spa d aDO-SdBNPbspacBNPHU2 aSeminario sobre la "plataforma para el desarrollo económico y social de la República Dominicana 1968-1958c(Jarabacoa, República Dominicanad1968)95590910aViabilidad de su aplicación de la plataforma /cGuillermo Caram. aJarabacoa, República Dominicana :bONAP,c1969. a28 P. ;c26 cm.1 aCaram, Guillermo955910 aBNPD 0010718PDaPDbPDcCTd2011-04-13iLF1l0o p28980-10r2020-06-25w2020-06-25yLFPDZNo se presta c28472d28472